000 00606nam a2200241Ia 4500
003 OSt
005 20221006144649.0
006 a|||||r|||| 00| 0
007 ta
008 221006b |||||||| |||| 00| 0 eng d
020 _c
_5.00
024 _a12,306
037 _cTextual
040 _aEASL
_cEASL
_beng
041 _2eng
_aeng
082 _aV41.N2, G2
100 _aCURTIS Lionel
_9107318
245 0 _aCapital question of China
260 _aLondon
_bMacmillan
_c1932
300 _a322p.
_ccm.
942 _hV41.N2, G2
_cTEXL
_2CC
999 _c1080392
_d1080392